Angela de Fulgino, in quo ostenditur nobis vera via qua possumus sequir vestigia nostri redemptoris

Detalles Bibliográficos
Formato: Libro
Publicado: París 1698
Materias:
Colección:Banco de datos
Acervo:Biblioteca del Ex Convento de Nuestra Señora de Guadalupe. Zacatecas
Tema general:Ascética
Notas:Buena. XVII,6,9 (5422). Ex libris manuscrito de Fr. Francisco Luján
LEADER 00726nam a22001810004500
035 |a 43910 
036 |a 5094 
245 1 0 |a Angela de Fulgino, in quo ostenditur nobis vera via qua possumus sequir vestigia nostri redemptoris 
260 |a París  |b imp. Guillermo Chaudiere  |c 1698 
500 |a Buena. XVII,6,9 (5422). Ex libris manuscrito de Fr. Francisco Luján 
650 1 0 |a Ascética 
949 |a CRZ-CG 
959 |a Ex convento de Nuestra Señora de Guadalupe, Museo Regional de Zacatecas, Zacatecas  |b CCC4 
960 |a Convento de Nuestra Señora de Guadalupe, Zacatecas  |b DD87 
961 |a Franciscana  |b OF 
942 |c CRZ-CG 
943 |g Biblioteca del Ex Convento de Nuestra Señora de Guadalupe. Zacatecas 
999 |c 968037  |d 968037